01286nac a22003251i 4500003000900000005001700009008004100026020001500067020002300082040004300105082001900148245009200167246004600259264005400305264001000359300004600369336002600415337002800441338002700469504005100496650005200547650006400599650005100663650004900714653000800763655001700771942001200788999001500800952014500815EG-ScBUE20230226052356.0230226t1997 at a f b 001 0 eng d a1875498230 a187549846X (v. 2) aEG-ScBUEbengerdacEG-ScBUEdEG-ScBUE04a747.7bRES22200aResidential spaces of the world.nvolume 2,pPictorial review of residential interiors.30aPictorial review of residential interiors 1aMelbourne, Australia :bImages Australia,c[1997] 4cc1997 a224 pages :bcolor illustrations ;c31 cm 2rdacontentatextbtxt 2rdamediaaunmediatedbn 2rdacarrieravolumebnc aIncludes bibliographical references and index. 7aArchitecture, DomesticxPictorial works.2BUEsh 7aArchitecture, Moderny20th centuryxPictorial works.2BUEsh 7aInterior architecturexPictorial works.2BUEsh 7aInterior decorationxPictorial works.2BUEsh bART vReading book cBB2ddc c9392d9392 00102ddc40708AlahramaMAINbMAINc2NDd2008-05-06ePurchasel4m1o747.7 RESp000011072r2025-07-15 00:00:00s2013-01-03w2008-05-06yBB